1232 1272 1815 1265 1989 1517 1436 1172 1389 1369 1476 1391 1708 1901 1046 1714 1902 1790 1249 1777 1442 1881 1361 1962 1744 1495 1064 1015 1949 1469 1077 1274 1169 1696 1118 1657 1766 1437 1590 1876 1730 1553 1256 1566 1484 1200 1218 1541 1538 1807 1709 1216 1000 1600 1051 1923 1846 1576 1043 1307 1177 1089 1982 1783 1868 1175 1053 1050 1043 1643 1126 1877 1041 1074 1594 1613 1889 1166 1333 1389 1539 1777 1956 1645 1477 1094 1855 1576 1423 1982 1031 1789 1297 1791 1904 1832 1745 1033 1435 BCNSPRNW ULIB Ver.6.0+V

เปลี่ยนเป็นภาษาไทย

Change to English
 แสดงรายละเอียดบรรณานุกรม
  กลับหน้าหลัก

Brief Record : Get Marc (ISO 2709) : E-mail record : QR code < ปิดหน้าต่าง
LEADER : 00000nam 2200000uu 4500
001    13399112986
003     ULIB
008    110921s2552||||th 000 0 tha d
020    ^a9741149766
024    ^a9789741149766
060  4 ^aWV100^bจ633G
245 01 ^aGuideline Management for common eye ear nose and thoat diseases^cบรรณาธิการ,จตุรงค์ จงสถิตไพบูลย์ และเพ็นนี สิงหะ
260    ^aสงขลา:^bชานเมืองการพิมพ์, ^c2552
300    ^a240 หน้า:^bภาพประกอบ
650  7 ^aโรคทางตา หู คอ จมูก
650  7 ^aOtorhinolaryngologic
700 0  ^aจตุรงค์ จงสถิตไพบูลย์,^eบรรณาธิการ
700 0  ^aเพ็นนี สิงหะ,^eบรรณาธิการ
945    ^p340^l0^i18153
995    ^aกัณชพร
999    ^aใช้งานได้ทุกระบบ
รายการนี้ยังไม่มีแท็ก
คุณยังไม่ได้ล็อกอิน คุณสามารถมีกิจกรรมร่วมกับเว็บไซต์ได้ แต่ต้องล็อกอินก่อน ::
  ล็อกอิน

รายการสื่อสารสนเทศ

ลำดับที่ ประเภท เลขเรียก/บาร์โค้ด สถานที่ สถานะ
- ไม่พบข้อมูล -

รายการใกล้เคียง
    หัวเรื่อง [โรคทางตา หู คอ จมูก]
    หัวเรื่อง [Otorhinolaryngologic]

BibComment


ยังไม่เคยถูกคอมเมนท์

คอมเมนท์ทรัพยากรรายการนี้
  คอมเมนท์: Guideline Manage..


 Copyright 2026. Bcnsprnw @Library